000 00919nam a2200265Ia 4500
003 OSt
005 20221005111216.0
006 a|||||r|||| 00| 0
007 ta
008 221004b |||||||| |||| 00| 0 hin d
020 _a9789350727126 (hbk)
_c695
024 _a19993
037 _b515, 21/03/2015, Vani Prakashan
_cTextual
040 _aCRL
_cCRL
_bhin
041 _2hin
_ahin
082 _aO152,1xN1, M4
100 _aविजय बहादुर सिंह, संपा.
245 0 _aजन - कवि
246 _aJan - kavi
260 _aनई दिल्ली
_bवाणी प्रकाशन भारत
_c2015
300 _a368पृ0
_ccm.
650 _aहिन्दी साहित्य
942 _hO152,1xN1, M4
_cTEXL
_2cc
999 _c1021162
_d1021162